00433nam a2200133 a 4500008004100000050001400041110002900055245012000084260004400204300000900248350000900257650001000266650002300276110523s1977 ||||||||||||||||| || u aCOMM (02) aCommonwealth Secretariat14aThe Ocho Rios meeting of young Commonwealth leaders, Ocho Rios, Jamaica, 4-9 May 1977: report of the meeting vol. 1 aLondon:bCommonwealth Secretariatc1977 a83p. a0.00 aYOUTH aYOUTH--DEVELOPMENT